000 00723nam a22002054a 4500
005 20100909161010.0
020 _a9780192632715
_c1295.00
037 _bAbilash Book Centre
082 0 0 _a617.1027
245 1 0 _aSports injuries:
_cedited by M.A. Hutson
_brecognition and management /
250 _a3rd ed.
260 _bOxford University Press,
_c2001
_aNew York
270 _bNew York
300 _a251p.
_bphotos
_c26cm(Hb)
500 _aIncludes index
700 _aHutson, M.A.
_919258
942 _2ddc
_cEN
_h617.1027
_mSPO
999 _c44927
_d44927